000
00299nam a22001337a 4500
003
SGT
082
_a
150
_b
A11R
100
_a
GOODGLASS / KAPLAN
245
_a
THE ASSESSMENT OF APHASIA AD RELATED DISEASES
250
_a
3RD
260
_b
WILLIAM & WILLIAM
_c
2010
300
_a
120
942
_2
ddc
_c
BK
999
_c
17889
_d
17889